Una odisea espacial 2001 (Registro nro. 24328)
[ vista simple ]
| 000 -CABECERA | |
|---|---|
| Longitud fija campo de control | 00742nam a2200229 a 4500 |
| 003 - IDENTIFICADOR DELl NÚMERO DE CONTROL | |
| Identificador del número de control | OSt |
| 005 - FECHA Y HORA DE LA ÚLTIMA TRANSACCIÓN | |
| Fecha y hora de la última transacción | 20160114090700.0 |
| 008 - CÓDIGOS DE INFORMACIÓN DE LONGITUD FIJA | |
| Códigos de información de longitud fija | 020226s1985 esp 000 1 spa d |
| 020 ## - NÚMERO INTERNACIONAL NORMALIZADO PARA LIBROS | |
| Número Internacional Normalizado para Libros (ISBN) | 84-7634-053-2 |
| 040 ## - FUENTE DE LA CATALOGACIÓN | |
| Centro transcriptor | BMC |
| 082 ## - NÚMERO DE LA CLASIFICACIÓN DECIMAL DEWEY | |
| Númeroo de clasificación | 808.0689 |
| 100 1# - PUNTO DE ACCESO PRINCIPAL-NOMBRE DE PERSONA | |
| Nombre de persona | Clarke, Arthur Charles |
| 9 (RLIN) | 29330 |
| Fechas asociadas al nombre | 1917-2008 |
| 245 14 - MENCIÓN DE TÍTULO | |
| Título | Una odisea espacial 2001 |
| Mención de responsabilidad, etc. | Arthur C. Clarke ; [traducción, Antonio Ribera] |
| 260 ## - PUBLICACIÓN, DISTRIBUCIÓN, ETC. (PIE DE IMPRENTA) | |
| Lugar de publicación, distribución, etc. | Barcelona |
| Nombre del editor, distribuidor, etc. | Orbis |
| Fecha de publicación, distribución, etc. | D.L. 1985 |
| 300 ## - DESCRIPCIÓN FÍSICA | |
| Extensión | 185 p. |
| Dimensiones | 18 cm |
| 490 0# - MENCIÓN DE SERIE | |
| Mención de serie | Biblioteca de Ciencia Ficción |
| Designación de volumen o secuencia | 2 |
| 500 ## - NOTA GENERAL | |
| Nota general | En la port. y en la cub.: 2001 una odisea espacial |
| 595 ## - NOTA DE EDICIÓN E HISTORIA BIBLIOGRÁFICA | |
| Nota de edición e historia bibliográfica | Traducción de: A space odyssey |
| 650 24 - PUNTO DE ACCESO ADICIONAL DE MATERIA - TÉRMINO DE MATERIA | |
| 9 (RLIN) | 29319 |
| Término de materia o nombre geográfico como elemento inicial | Cuentos de ciencia ficción |
| 700 1# - PUNTO DE ACCESO ADICIONAL - NOMBRE DE PERSONA | |
| 9 (RLIN) | 16929 |
| Nombre de persona | Ribera, Antonio |
| Fechas asociadas al nombre | 1920-2001 |
| 942 ## - ENTRADA DE ELEMENTOS AGREGADOS (KOHA) | |
| Fuente de clasificaión o esquema | Dewey Decimal Classification |
| Koha [por defecto] tipo de item | 1- Monografias |
| Suprimido | Perdido | Fuente de clasificación o esquema | Estropeado | Restricciones de uso | No para préstamo | Código de colección | Localización permanente | Localización actual | Localización en estanter&íacute;as | Fecha adquisición | Fuente de adquisición | Número de inventario | Préstamos totales | Signatura completa | Código de barras | Fecha última consulta | Coste, precio reemplazado | Fecha del precio de reemplazo | Tipo de item de Koha |
|---|---|---|---|---|---|---|---|---|---|---|---|---|---|---|---|---|---|---|---|
| NULL | NULL | Dewey Decimal Classification | NULL | Prestable | NULL | NULL | Biblioteca Miguel de Cervantes - UNICAES | Biblioteca Miguel de Cervantes - UNICAES | Sala Principal | 31/08/2015 | Donación - ADESH | 031755 | C CLA odi | 1036063 | 17/01/2019 | 10.00 | 12/01/2016 | 1- Monografias |